| 000 | 01032nam a22003257a 4500 | ||
|---|---|---|---|
| 001 | 007852 | ||
| 003 | DO-SdBNP | ||
| 005 | 20180125121203.0 | ||
| 007 | 007852 | ||
| 008 | 151102b sp 1999 xxu 00| 0 spa d | ||
| 020 | _a8481301590 | ||
| 040 |
_aBPMSU _bspa _cBPMSU |
||
| 092 |
_a823.8 _bW45G |
||
| 100 | 1 | 0 |
_aWells, Herbert George, _d1866-1946 |
| 245 | 1 | 3 |
_aLa guerra de los mundos / _cHerbert G. Wells ; prólogo Nicolás Casariego ; traducción Ramiro de Maeztu |
| 246 | 1 | 0 | _aThe war of the worlds |
| 260 |
_aMadrid : _bMilenium _c1999 |
||
| 300 |
_a224 p. : _bil., _c20 cm. |
||
| 490 | 1 | 0 | _aTus libros |
| 490 | 1 | 0 |
_aCiencia ficción _v44 |
| 500 | _aLa guerra de los mundos producida originalmente en 1953 | ||
| 504 | _aIncluye referencias bibliográficas y notas al pie de las páginas | ||
| 650 | _2NOVELA INGLESA | ||
| 700 | 1 | 0 |
_aSantos, Domingo _etr. |
| 700 | 1 | 0 |
_aCasariego, Nicolás _epról. |
| 830 | 0 | 0 | _aLas 100 joyas del Milenium |
| 942 |
_2ddc _cBK |
||
| 945 | _ainventariado, 2018 / dg | ||
| 956 | _aVmateo | ||
| 999 |
_c8544 _d8544 |
||